Yandere Simulator 202X - Bullies, Student Council & Gardening Club - Statistics

General Stats
  • This quiz has been taken 27 times
  • The average score is 9 of 15
Answer Stats
Hint Answer % Correct
Bully with blue hair Musume Ronshaku
83%
Bully with pink hair Kokoro Momoiro
78%
Student councilleader, week 10 rival Megami Saikou
78%
Sadistic student council Akane Toriyasu
72%
Substitutestudent council leader Kuroko Kamenaga
72%
Bully withpurple hair Kashiko Murasaki
67%
Bully withyellow & pink hair Hana Daidaiyama
61%
Bully withgreen hair Hoshiko Mizudori
61%
Studentcouncil
who has an
eyepatch
Aoi Ryugoku
56%
Student council whopatrols outside the school Shiromi Torayoshi
56%
Leader of the gardening club Uekiya Engeika
50%
Gardening club member with yellow hair Himari Fujita
44%
Gardening club member with pink hair Sakura Hagiwara
44%
Gardening clubmember with purple hair Sumire Suzuki
33%
Gardening clubmember with red hair Tsubaki Uesugi
28%
No matching quizzes found
Score Distribution
Percent of People with Each Score
Percentile by Number Answered
Your Score History
You have not taken this quiz